| 000 | 01427nam a22002777a 4500 | ||
|---|---|---|---|
| 003 | DO-SdBNP | ||
| 005 | 20220126145143.0 | ||
| 007 | ta | ||
| 008 | 211115b2021 dr ||||| |||| 00| 0 spa d | ||
| 040 |
_aDO-SdBNP _bspa _cBNPHU |
||
| 082 | 4 |
_a346.72930135 _bR426c, 2021 |
|
| 110 | 2 |
_aRepública Dominicana. _9447 |
|
| 240 | 1 | 0 | _a[Leyes, etc.] |
| 245 | 1 | 0 |
_aLey no. 136-03, código para el sistema de protección y los derechos fundamentales de niños, niñas y adolescentes : _bcon las modificaciones de la Ley 52-07, del 23 de abril de 2007, sobre pensión alimenticia y jurisprudencia en esa materia, que modifica los artículos números :174, 176, 178, 181, 187, 192, 194, 195, 197 y 198; y la Ley No. 106-13, del 8 de agosto de 2013, que modifica los artículos 223, 224, 279, 291, 296, 339, 340 ; y 380 y suprime el artículo 350 de dicha ley. _cprólogo ; Paula Disla Acosta. |
| 246 | 1 | 3 | _aLey 136-03 |
| 260 |
_aSanto Domingo : _bPoder Judicial, _c2021. |
||
| 300 |
_a174 p. ; _c22 cm. |
||
| 590 | _aInventariado, 2021/LP | ||
| 650 | 1 | 4 |
_aNiños _xSituación legal _zRepública Dominicana _964438 |
| 650 | 1 | 4 |
_aMenores _xLegislación _zRepública Dominicana _949527 |
| 650 | 1 | 4 |
_aDerechos del niño _zRepública Dominicana _949526 |
| 700 | 1 |
_aDisla Acosta, Paula, _epról. _980857 |
|
| 710 | 1 |
_aRepública Dominicana. Dirección de Familia, Niñez, Adolecencia y Género _975794 |
|
| 910 | _aLopérez | ||
| 942 |
_2ddc _cLBS1 |
||
| 999 |
_c50969 _d50969 |
||